[Event "Venlo VSV 75 B4"]
[Site "Venlo"]
[Date "2000.08.26"]
[Round "2"]
[White "Reintjes, Guus"]
[Black "Jacobs, Bob"]
[Result "0-1"]
[WhiteElo "1652"]
[BlackElo "1570"]
[PlyCount "87"]
[EventDate "2000.08.25"]
[EventType "tourn"]
[EventRounds "3"]
[EventCountry "NED"]
[SourceTitle "EXT 2013"]
[Source "ChessBase"]
[SourceDate "2012.11.22"]
[SourceVersion "1"]
[SourceVersionDate "2012.11.22"]
[SourceQuality "1"]

1. e4 e5 2. Nf3 d6 3. c3 Nf6 4. d3 Be7 5. Be2 0-0 6. Nbd2 Nc6 7. 0-0 h6 8. Nc4 Be6 9. Ne3 d5 10. exd5 Nxd5 11. Nxd5 Qxd5 12. Be3 Rfd8 13. Qc2 Bf5 14. Rfd1 Qe6 15. Ne1 Na5 16. b3 Qg6 17. Bf3 c5 18. Qe2 Nc6 19. Be4 Bxe4 20. dxe4 Qxe4 21. Qf3 Qxf3 22. Nxf3 e4 23. Nd2 f5 24. Nc4 b5 25. Nd2 Rd3 26. Rac1 Rad8 27. Kf1 g5 28. g3 Ne5 29. Ke2 a6 30. f3 exf3+ 31. Nxf3 Rxd1 32. Rxd1 Rxd1 33. Nxe5 Rd5 34. Nd3 Kf7 35. h4 c4 36. bxc4 bxc4 37. Nb2 Bc5 38. Nxc4 Bxe3 39. Nxe3 Ra5 40. hxg5 hxg5 41. Kd3 Ke6 42. Kd4 Rxa2 43. c4 Rd2+ 44. Kc3 0-1